000 01306naa a22003617a 4500
001 BR7803093
003 BR-BrBNA
005 20240918174107.0
007 ta
008 230509b bl.||||| |||| 00| 0 por d
040 _aBR-BrBNA
_bpor
_cBiblioteca Nacional de Agricultura
041 _a(Pt)
072 _aL30; L36
_b0170
_b6100
_b8954
090 _aL30 BR7803093
100 1 _aMaier, J.C.
100 1 _aRostagno, H.S.
100 1 _aFonseca, J.B.
100 1 _aSilva, M. de A. e
100 1 _aTafuri, M.L.
111 1 _a22. Reuniao Tecnica Anual do Milho e 6. do Sorgo Granifero
_cPorto Alegre, RS (Brazil)
_dAug 1977
245 1 _aAvaliacao biologica de sorgos com diferentes conteudos de tanino em racoes de pintos [Sorghum vulgare]
260 3 _aPorto Alegre, RS (Brasil):
_c1977.
500 _aAta da 22. Reuniao Tecnica Anual do Milho e 6. do Sorgo Granifero Porto Alegre, RS (Brasil): 1977. p. 527-528 (BR7803093-AM)L30
650 _aNUTRICAO ANIMAL
650 _aCOMPOSICAO DE ALIMENTO
650 _aSORGO
650 _aPINTO
650 _aRACAO
650 _aTANINO
773 0 _tAta da 22. Reuniao Tecnica Anual do Milho e 6. do Sorgo Granifero
_wL30 BR7803093
_gPorto Alegre, RS (Brasil), 1977. p. 527-528
909 _a202404
_bLucia
_c55
_dLucia Elande
942 _cAM
_2AGRIS
999 _c308872
_d308872